| 000 | 01225nab a22002417a 4500 | ||
|---|---|---|---|
| 999 |
_c5741 _d5741 |
||
| 003 | OSt | ||
| 005 | 20260101202245.0 | ||
| 008 | 190514b xxu||||| |||| 00| 0 spa d | ||
| 040 | _cPJ | ||
| 100 |
_96659 _aBelloti San Martín, Lucas |
||
| 245 | 1 | 3 |
_aLa caducidad de instancia y las personas con capacidad menos plena. Crónica de una persistencia inexplicable / _cLucas Belloti San Martín. |
| 300 | _ap. 43-57 | ||
| 500 | _aCita: TR LALEY AR/DOC/454/2025. | ||
| 505 | _aSumario: I. Caducidad de la instancia. Nociones generales y particularidades frente al proceso con personas sin plena capacidad.— II. El caso.— III. Nuestra opinión.— IV. Conclusiones. | ||
| 505 | _aFallo comentado: CCiv. y Com., Necochea ~ 06/09/2024 ~ V. B. D. c. F. G. S. y otros s/ daños y perj. autom. c/ les. o muerte (exc. estado). | ||
| 650 | 0 |
_9967 _aDERECHO DE FAMILIA |
|
| 650 | 0 |
_91935 _aCADUCIDAD DE INSTANCIA |
|
| 650 | 0 |
_92342 _aCAPACIDAD |
|
| 650 | 0 |
_93926 _aRESTRICCIONES A LA CAPACIDAD |
|
| 650 | 0 |
_91057 _aJURISPRUDENCIA APLICABLE |
|
| 773 | 0 |
_02844 _93222 _dBuenos Aires : AbeledoPerrot, 1989- _tDerecho de familia. Revista Interdisciplinaria de doctrina y jurisprudencia. Abril 2025-II. _z18511201 |
|
| 942 |
_2udc _cANA |
||